| 000 | 00885cam a2200289 i 4500 | ||
|---|---|---|---|
| 001 | 768714001 | ||
| 003 | CO-MdBIC | ||
| 005 | 20240910182005.0 | ||
| 007 | ta | ||
| 008 | 231123t2001 -us||||| |||| 00| 0 eng d | ||
| 020 | _a0-664-22203-X | ||
| 040 |
_bspa. _aCO-MdFUSB _cCO-MdFUSB _dCO-MdFUSBC _erda |
||
| 041 | _aeng | ||
| 082 | 0 | 4 | _aG 231.044 G828s |
| 100 | 1 | _aGrenz, Stanley J. (James) (1950-) | |
| 245 | 1 | 0 |
_aThe social God and the relational self : A trinitarian theology of de Imago Dei / Satanley J. Grenz _c/ |
| 264 | 1 |
_aLouisville, Kentucky, USA : John Knox Prees _bWestminster John Knox Press, _c[2001] |
|
| 264 | 1 | _c©2001 | |
| 300 |
_aXII, 345 Pag _c; |
||
| 336 |
_atexto _btxt _2rdacontent |
||
| 337 |
_2rdamedia _asin mediación _bn |
||
| 338 |
_2rdacarrier _avolumen _bnc |
||
| 650 | 7 |
_aDios _9178 |
|
| 650 | 7 |
_aTrinidad _9177 |
|
| 942 | _cBK | ||
| 945 | _ajohan1477 | ||
| 999 |
_c34413 _d34413 |
||